000 00630nam a2200181Ia 4500
008 100921s9999 xx 000 0 und d
082 _b43919
_a080 न 10
100 _aजोगळेकर मिलिंद.
245 _aसत्यदर्शने.
260 _bनुतन प्रकाशन, पुणे.
_c2010
300 _a48
_b---
365 _b50
520 _aसं.साहित्य,मुुुलाखती.
630 _aसत्यदर्शने.
650 _aसं.साहित्य,मुुुलाखती.
730 _aसत्यदर्शने.
942 _cBOOK
999 _c793032
_d793029